مصطلحات طبية معربة: 2- تعريب وشرح
محفوظ في:
المؤلف الرئيسي:
مؤلفون آخرون:
التنسيق: كتاب
اللغة: Undetermined
منشور في:
Al-Qāhirah
Matbaeat misr
1950
الوسوم: إضافة وسم
لا توجد وسوم, كن أول من يضع وسما على هذه التسجيلة!
رقم الطلب: A10 DICT MEDI AMMA
| LEADER | 00401nam a2200133Ia 4500 | ||
|---|---|---|---|
| 008 | 240404s9999||||xx |||||||||||||| ||und|| | ||
| 050 | 4 | |a A10 DICT MEDI AMMA | |
| 100 | 1 | |a أحمد عمار. | |
| 245 | 1 | 0 | |a مصطلحات طبية معربة: 2- تعريب وشرح |c أحمد عمار |
| 264 | 1 | |a Al-Qāhirah |b Matbaeat misr |c 1950 | |
| 300 | |a 32 |c 25 | ||
| 700 | 1 | |a لويس دوس. | |
| 942 | |2 lcc |c BK | ||
| 999 | |c 58183 |d 58183 | ||
